Datum a čas kvízu
38.5
Celkem bodů
Celkový počet nahraných bodů na tomto kvízu bez doplňovacích otázek.
2.
Pořadí na kvízu
Konečné umístění týmu na tomto kvízu.
Zaznamenané odpovědi
| # | Otázka | Odpověď | Body | Výsledky |
|---|---|---|---|---|
| 1. | Jak se jmenuje politik, který... | Marian Jurečka | 1 | |
| 2. | Saúdskoarabský korunní princ M... | Jeff Bezos | 1 | |
| 3. | V pondělí jsme zažili údajně n... | Blue Monday | 1 | |
| 4. | Do švýcarského městečka Davos... | Světové ekonomické fórum (WEF) | 1 | |
| 5. | Jak se jmenuje český krasobrus... | Michal Březina | 1 | |
| 6. | Jelikož se o ostrovech zmiňuje... | D) zaťatou pěst se vztyčeným ukazováčkem | 0 | |
| 7. | Jak se nazývá ostrov, na němž... | Borneo | 0 | |
| 8. | Obcí, částí obcí či měst s náz... | Ostrov nad Ohří | 1 | |
| 9. | Ostrovid je druhové jméno jist... | rys | 1 | |
| 10. | Jak se jmenoval německý patolo... | Paul Langerhans | 1 |